00393nam a2200145Ia 4500008004100000020001500041041001200056082001600068100001600084245007900100260002500179300000800204650002100212700001400233221030s9999 xx 000 0 und d a007463612X aEnglish a105.23bFre aJ. Frentzen 0aJava Script Annotated Archives ( DEPARTMENTAL )cby J. Frentzen, H. Sobotk bTMHaNew Delhic1999 a602 aCSE Departmental aH. Sobotk